Sports Quiz

Random Sports or Soccer Quiz

Welsh Pyramid Football Clubs (to level 4) Quiz Stats

 Plays Quiz not verified by Sporcle

Challenge
Share
Tweet
Embed
Score 0/164 Timer 15:00
0 Plays Today
% Correct
The New Saints
93.8%
Bangor City
89.9%
Aberystwyth Town
85.7%
Rhyl
84%
Llanelli
82.7%
Bala Town
81.8%
Airbus UK Broughton
79.8%
Prestatyn Town
77.5%
Newtown
75.9%
Carmarthen Town
75.2%
Port Talbot Town
74.6%
Barry Town
72.3%
Neath Athletic
72%
AFC Porth
70.7%
Llandudno Town
66.8%
Cefn Druids
65.8%
Haverfordwest County
65.8%
Afan Lido
64.5%
GAP Connah's Quay
63.5%
Porthmadog
62.2%
Flint Town United
60.6%
Holyhead Hotspurs
58.3%
Technogroup Welshpool Town
57.7%
Connah's Quay Town
57.7%
Caersws
57.3%
Conwy United
56.4%
Bridgend Town
52.4%
Caernarfon Town
48.5%
Llangefni Town
47.6%
Cwmbran Celtic
46.9%
Ruthin Town
44.6%
Denbigh Town
44%
UWIC
42.3%
Holywell Town
42.3%
Llanfair United
40.7%
Buckley Town
38.4%
Goytre United
38.4%
Goytre
38.4%
Penrhyncoch
37.8%
Mold Alexandra
37.5%
Ton Pentre
37.1%
Rhayader Town
37.1%
Pontypridd Town
35.8%
Barmouth and Dyffryn United
35.8%
Monmouth Town
35.2%
Llandudno Junction
34.2%
Caerau Ely
32.9%
Machynlleth
31.9%
Lex XI
31.6%
Guilsfield
31.3%
Taff's Well
30.9%
Builth Wells
30.9%
Dolgellau Athletic
30.9%
Pwllheli
30.9%
Chirk AAA
30.3%
% Correct
Llangollen Town
30.3%
Llandrindod Wells
29.6%
Llanrwst United
29%
Llanidloes Town
27.7%
Llanberis
26.4%
Gresford Athletic
26.1%
Ammanford
25.7%
Newport YMCA
25.7%
Bow Street
25.7%
Cambrian and Clydach
25.4%
Aberaeron
25.4%
Caerleon
24.8%
Ely Rangers
24.8%
Briton Ferry Llansawel
24.8%
Aberystwyth University
24.4%
Carno
24.4%
Tywyn Bryncrug
24.1%
Llanrug United
23.8%
Glantraeth
23.8%
Caerau Bridgend
23.5%
Blaenau Ffestiniog Amateur
23.1%
Garden Village
22.8%
Garden Village
22.8%
Penycae
21.8%
Cardiff Corinthians
21.8%
Corwen Amateurs
21.8%
Knighton Town
21.2%
Llanfairpwll
20.5%
Rhos Aelwyd
20.2%
Caernarfon Wanderers
20.2%
Caldicot Town
19.2%
Brymbo
19.2%
Nefyn United
19.2%
Cardiff Grange Harlequins
18.9%
Montgomery Town
18.9%
Glan Conwy
18.9%
Newcastle Emlyn
18.6%
Pontardawe Town
18.2%
Abaraman Athletic
17.9%
Dinas Powys
17.9%
Berriew
17.9%
West End
17.6%
Bethesda Athletic
17.6%
Risca United
16.9%
Bettws
16.6%
Undy Athletic
16.6%
Newbridge-on-Wye
16.6%
Penmaenmawr Phoenix
16.6%
Tredegar Town
16.3%
Llansantffraid Village
16.3%
Waterloo Rovers
16.3%
Bryntirion Athletic
16%
Llanrhaeadr
15.3%
Tata Steel
15%
Bont
15%
% Correct
Abertillery Bluebirds
14.7%
Bridgend Street
14.7%
Newport Civil Service
14.7%
Rhydymwyn
14.3%
Greenfield
14%
Halkyn United
13.7%
Aberdyfi
13.4%
Presteigne St Andrews
13.4%
Hawarden Rangers
13.4%
Brickfield Rangers
12.7%
Saltney Town
12.7%
Aberbargoed Buds
12.1%
Treowen Stars
11.7%
Tregaron Turfs
11.7%
Gaerwen
11.7%
Nantlle Vale
11.7%
Treharris Athletic Western
11.4%
Coedpoeth United
11.1%
Cwmaman Institute
10.7%
Kerry
10.7%
Johnstown Youth
10.7%
Llanuwchllyn
10.7%
Bodedern Athletic
10.7%
Llanfyllin Town
10.4%
FC Cefn
10.4%
Gwalchmai
10.4%
Amwlch Town
10.4%
Talgarth Town
10.1%
Llandyrnog United
10.1%
AFC Llwydcoed
9.8%
Llanwern
9.8%
Llay Welfare
9.8%
Venture Community
9.8%
Croesyceiliog
9.4%
Overton Recreation
9.4%
Penley
9.4%
Four Crosses
9.1%
Pontyclun
8.8%
Mold Juniors
8.8%
Penrhiwceiber Rangers
8.5%
Abermule
8.5%
Dyffryn Banw
8.1%
Borras Park Albion
7.8%
Kinmel Bay Sports
7.8%
Meifod
7.5%
Rhosgoch Rangers
7.2%
Acrefair Youth
6.8%
New Brighton Villa
6.5%
Penyffordd
5.5%
Castell Alun Colts
5.5%
Argoed United
4.6%
Llangeinor
4.2%
Glyn Ceiriog
3.6%
Hawkesbury Villa
3.6%

You're not logged in!

Compare scores with friends on all Sporcle quizzes.
OR
Log In

You Might Also Like...

Show Comments

Extras

Top Quizzes Today


Score Distribution

Your Account Isn't Verified!

In order to create a playlist on Sporcle, you need to verify the email address you used during registration. Go to your Sporcle Settings to finish the process.

Report this User

Report this user for behavior that violates our Community Guidelines.

Details: